The Matrimonial Lawyer (Record no. 5879)
[ view plain ]
| 000 -LEADER | |
|---|---|
| fixed length control field | 00480nam a22001697a 4500 |
| 005 - DATE AND TIME OF LATEST TRANSACTION | |
| control field | 20250521102254.0 |
| 008 - FIXED-LENGTH DATA ELEMENTS--GENERAL INFORMATION | |
| fixed length control field | 250521b |||||||| |||| 00| 0 eng d |
| 050 ## - LIBRARY OF CONGRESS CALL NUMBER | |
| Classification number | KF 505 |
| Item number | .C62 2001 |
| 100 ## - MAIN ENTRY--PERSONAL NAME | |
| Personal name | Clout Imogen |
| 245 ## - TITLE STATEMENT | |
| Title | The Matrimonial Lawyer |
| Remainder of title | A survival guide |
| 250 ## - EDITION STATEMENT | |
| Edition statement | 2nd edition |
| 260 ## - PUBLICATION, DISTRIBUTION, ETC. | |
| Place of publication, distribution, etc. | Bristol |
| Name of publisher, distributor, etc. | Jordan Publishing limited |
| Date of publication, distribution, etc. | c2001 |
| 300 ## - PHYSICAL DESCRIPTION | |
| Extent | xii,175p; |
| Other physical details | illustrations |
| 500 ## - GENERAL NOTE | |
| General note | Includes index |
| 650 ## - SUBJECT ADDED ENTRY--TOPICAL TERM | |
| Source of heading or term | Family law |
| 942 ## - ADDED ENTRY ELEMENTS (KOHA) | |
| Source of classification or shelving scheme | Library of Congress Classification |
| Koha item type | Books |
| Edition | 2nd edition |
| Suppress in OPAC | No |
| 999 ## - | |
| -- | 5879 |
| -- | 5879 |
| Withdrawn status | Lost status | Source of classification or shelving scheme | Damaged status | Not for loan | Collection | Home library | Current library | Shelving location | Date acquired | Total checkouts | Full call number | Barcode | Date last seen | Price effective from | Koha item type |
|---|---|---|---|---|---|---|---|---|---|---|---|---|---|---|---|
| Library of Congress Classification | Non-fiction | Law Library (Kumasi) | Law Library (Kumasi) | General stacks | 05/21/2025 | KF 505.C62 Clo | LLK00000147 | 05/21/2025 | 05/21/2025 | Books |